000 00629cam a22002053a 4500
001 39037
003 PGUSA
005 20140828083849.0
008 120303s2012||||xxu|||||s|||||000 | eng d
040 _aPGUSA
_beng
042 _adc
100 1 _aFuller, Margaret,
_d1810-1850
245 1 0 _aLife Without and Life Within ;
_bor, Reviews, Narratives, Essays, and poems.
_h[electronic resource] /
_cMargaret Fuller
260 _bProject Gutenberg,
_c2012
506 _aPublic domain in the USA.
516 _aElectronic text
830 0 _aProject Gutenberg
_v39037
856 4 0 _uhttp://www.gutenberg.org/ebooks/39037
942 _cEB
999 _c268290
_d268290